Los sacerdotes
Sparad:
| Huvudupphovsman: | |
|---|---|
| Materialtyp: | Bok |
| Språk: | spanska |
| Publicerad: |
Tomé
Nuestra Señora del Carmen
1993
|
| Upplaga: | 1a. ed |
| Ämnen: | |
| Taggar: |
Lägg till en tagg
Inga taggar, Lägg till första taggen!
|
MARC
| LEADER | 00000nam a2200000 a 4500 | ||
|---|---|---|---|
| 001 | UCJ9549 | ||
| 003 | CL-VaPUC | ||
| 008 | 070323e19930000CL |||||||||||||||||spa|d | ||
| 082 | 0 | 4 | |a 262.91 |b JUA |2 21 |
| 100 | |a Juan Pablo II |e author |9 309920 | ||
| 245 | 1 | 4 | |a Los sacerdotes |
| 250 | |a 1a. ed | ||
| 300 | |a 98 p | ||
| 942 | |c BK | ||
| 945 | |d 20070323 00:00:00 |a cmena | ||
| 260 | |a Tomé |b Nuestra Señora del Carmen |c 1993 | ||
| 650 | 0 | |a Sacerdotes |9 315705 | |
| 650 | 0 | |a Documentos pontificios |9 255642 | |
| 650 | 0 | |a Catequesis |9 314526 | |
| 650 | 0 | |a Eucaristía |9 257336 | |
| 583 | |a last modification |c 20070323 00:00:00 |k Rodrigo Vera | ||
| 999 | |c 325010 |d 325008 | ||
| 952 | |0 0 |1 0 |4 0 |6 262_910000000000000_JUA_1993 |7 0 |8 A |9 405452 |a BIBTEO |b BIBTEO |d 2019-11-22 |i 4246136 |o 262.91 JUA 1993 |p 4246136 |r 2025-01-17 |w 2019-11-22 |y BK |k ICR | ||
| 952 | |0 0 |1 0 |4 0 |6 262_910000000000000_JUA_1993 |7 0 |8 A |9 405453 |a BIBTEO |b BIBTEO |d 2019-11-22 |i 4246144 |o 262.91 JUA 1993 |p 4246144 |r 2025-01-17 |w 2019-11-22 |y BK |k ICR | ||